Окрашенные стеклокерамические материалы на основе полевошпатового сырья с применением соединений редкоземельных элементов; Проблемы геологии и освоения недр

Bibliografske podrobnosti
Parent link:Проблемы геологии и освоения недр.— 2007.— С. 694-695
Glavni avtor: Колесникова О. О.
Drugi avtorji: Мезенцева А. И. (научный руководитель), Хабас Т. А.
Jezik:ruščina
Izdano: 2007
Teme:
Format: Book Chapter
KOHA link:https://koha.lib.tpu.ru/cgi-bin/koha/opac-detail.pl?biblionumber=180581

MARC

LEADER 00000naa2a2200000 4500
001 180581
005 20231031170827.0
035 |a (RuTPU)RU\TPU\book\195757 
090 |a 180581 
100 |a 20100520d2007 k y0rusy50 ca 
101 0 |a rus 
102 |a RU 
200 1 |a Окрашенные стеклокерамические материалы на основе полевошпатового сырья с применением соединений редкоземельных элементов  |f О. О. Колесникова, А. И. Мезенцева  |g науч. рук. Т. А. Хабас 
320 |a Библиогр.: 4 назв. 
463 0 |0 (RuTPU)RU\TPU\book\140171  |y 5-89503-079-3  |t Проблемы геологии и освоения недр  |o [сборник]  |o труды XI международного симпозиума имени академика М. А. Усова студентов и молодых учёных, посвященного 80-летию академика, Президента международного горного конгресса, Лауреата государственной премии СССР М. И. Щадову  |f Томский политехнический университет (ТПУ), Институт геологии и нефтегазового дела  |v С. 694-695  |d 2007  |p 764 с. 
610 1 |a стеклокерамические материалы 
610 1 |a редкоземельные элементы 
610 1 |a металлокерамика 
610 1 |a полевой шпат 
610 1 |a зубопротезирование 
610 1 |a воздействие на организм 
610 1 |a труды учёных ТПУ 
700 1 |a Колесникова  |b О. О. 
701 1 |a Мезенцева  |b А. И. 
702 1 |a Хабас  |b Т. А.  |4 727 
801 1 |a RU  |b 63413507  |c 20100520 
942 |c BK